000
00217nam a2200097Ia 4500
008
240331s9999 xx 000 0 und d
082
_b
TAM
100
_a
Hindu Religious. ed
245
0
_a
Tamil Sahithiya vila
942
_c
L
999
_c
3665
_d
3665